The law in America : (Record no. 126528)

MARC details
000 -LEADER
fixed length control field 00662nam a22002297a 4500
005 - DATE AND TIME OF LATEST TRANSACTION
control field 20170124110011.0
010 ## - LIBRARY OF CONGRESS CONTROL NUMBER
LC control number 812006
020 ## - INTERNATIONAL STANDARD BOOK NUMBER
Terms of availability 25.00
035 ## - SYSTEM CONTROL NUMBER
System control number 812006
037 ## - SOURCE OF ACQUISITION
Source of stock number/acquisition Cen Lib/ Ret
040 ## - CATALOGING SOURCE
Original cataloging agency DPL
Language of cataloging EN
082 ## - DEWEY DECIMAL CLASSIFICATION NUMBER
Classification number 345
Item number SCH
100 ## - MAIN ENTRY--PERSONAL NAME
Personal name Schwartz,Bernard
9 (RLIN) 15181
245 ## - TITLE STATEMENT
Title The law in America :
Statement of responsibility, etc by Bernard Schwartz
Remainder of title a history /
260 ## - PUBLICATION, DISTRIBUTION, ETC. (IMPRINT)
Place of publication, distribution, etc New Delhi
Name of publisher, distributor, etc Tata McGraw-Hill publishing
Date of publication, distribution, etc 1974
270 ## - ADDRESS
City New Delhi
Postal code 110020
300 ## - PHYSICAL DESCRIPTION
Extent x,382p.
Dimensions 21cm(Hb)
500 ## - GENERAL NOTE
General note Includes bibliographical reference and index
650 ## - SUBJECT ADDED ENTRY--TOPICAL TERM
Topical term or geographic name as entry element Law
9 (RLIN) 104
650 ## - SUBJECT ADDED ENTRY--TOPICAL TERM
Topical term or geographic name as entry element United States -- Law
9 (RLIN) 71876
942 ## - ADDED ENTRY ELEMENTS (KOHA)
Source of classification or shelving scheme Dewey Decimal Classification
Koha item type English Books
Classification part 354
Call number suffix SCH
Holdings
Withdrawn status Lost status Damaged status Not for loan Home library Current library Date acquired Source of acquisition Cost, normal purchase price Total Checkouts Full call number Barcode Date last seen Copy number Cost, replacement price Price effective from Koha item type Public note
Written off       Central Library Central Library 25/06/2015 Cen Lib/Ret 25.00   345 SCH 812006 25/06/2015 1 250.00 25/06/2015 English Books Written off on approval by DLB (By Circulation); dtd 15-06-2023

© Delhi Public Library
Hit Counter
free hit counter